Massachusetts Counties Quiz - Sudden Death - Statistics

General Stats
  • This quiz has been taken 126 times
  • The average score is 9 of 14
Answers on the Grid
Answers color-coded by a green-red scale on the quiz's grid according to % correct below.
Amherst
Atlantic
Barstable
Berkshire
Boston
Bristol
Cambridge
Cape Cod
Cheshire
Dorchester
Dukes
Essex
Franklin
Hamilton
Hampden
Hampshire
Harvard
Kings
MIddlesex
Nantucket
Nassau
Norfolk
Plymouth
Quabbin
Queens
Rockingham
Southampton
Suffolk
Sussex
Worcester
 
Answer Stats
Answer % Correct
Berkshire
77%
MIddlesex
72%
Worcester
70%
Essex
66%
Barstable
65%
Suffolk
65%
Norfolk
64%
Franklin
61%
Bristol
58%
Hampshire
57%
Plymouth
57%
Hampden
54%
Nantucket
54%
Dukes
53%
No matching quizzes found
Score Distribution
Percent of People with Each Score
Percentile by Number Answered
Your Score History
You have not taken this quiz